<?xml version="1.0" encoding="UTF-8"?>
<record
    xmlns:xsi="http://www.w3.org/2001/XMLSchema-instance"
    xsi:schemaLocation="http://www.loc.gov/MARC21/slim http://www.loc.gov/standards/marcxml/schema/MARC21slim.xsd"
    xmlns="http://www.loc.gov/MARC21/slim">

  <leader>01291nam a22002417a 4500</leader>
  <datafield tag="999" ind1=" " ind2=" ">
    <subfield code="c">51713</subfield>
    <subfield code="d">51713</subfield>
  </datafield>
  <controlfield tag="005">20210917095141.0</controlfield>
  <controlfield tag="008">      s2549    th                  tha d</controlfield>
  <datafield tag="020" ind1=" " ind2=" ">
    <subfield code="a">9749462890</subfield>
  </datafield>
  <datafield tag="040" ind1=" " ind2=" ">
    <subfield code="a">&#xE4C;NALT</subfield>
  </datafield>
  <datafield tag="041" ind1=" " ind2=" ">
    <subfield code="a">tha</subfield>
  </datafield>
  <datafield tag="050" ind1=" " ind2=" ">
    <subfield code="a">JQ 1745.A5 </subfield>
    <subfield code="b">&#xE08;426&#xE0A; 2549</subfield>
  </datafield>
  <datafield tag="100" ind1="0" ind2=" ">
    <subfield code="a">&#xE08;&#xE34;&#xE15;&#xE15;&#xE34;&#xE28;&#xE31;&#xE01;&#xE14;&#xE34;&#xE4C; &#xE19;&#xE31;&#xE19;&#xE17;&#xE1E;&#xE32;&#xE19;&#xE34;&#xE0A;</subfield>
    <subfield code="9">45947</subfield>
  </datafield>
  <datafield tag="245" ind1="1" ind2="0">
    <subfield code="a">&#xE0A;&#xE34;&#xE19;&#xE04;&#xE2D;&#xE23;&#xE4C;&#xE1B; &#xE14;&#xE35;&#xE25;&#xE21;&#xE23;&#xE13;&#xE30; : </subfield>
    <subfield code="b">&#xE08;&#xE38;&#xE14;&#xE08;&#xE1A;&#xE23;&#xE30;&#xE1A;&#xE1A;&#xE17;&#xE31;&#xE01;&#xE29;&#xE34;&#xE13; /</subfield>
    <subfield code="c">&#xE08;&#xE34;&#xE15;&#xE15;&#xE34;&#xE28;&#xE31;&#xE01;&#xE14;&#xE34;&#xE4C; &#xE19;&#xE31;&#xE19;&#xE17;&#xE1E;&#xE32;&#xE19;&#xE34;&#xE0A; &#xE41;&#xE25;&#xE30;&#xE04;&#xE13;&#xE30;.</subfield>
  </datafield>
  <datafield tag="260" ind1=" " ind2=" ">
    <subfield code="a">&#xE01;&#xE23;&#xE38;&#xE07;&#xE40;&#xE17;&#xE1E;&#xE2F; : </subfield>
    <subfield code="b">&#xE10;&#xE32;&#xE19;&#xE1A;&#xE38;&#xE4A;&#xE04;&#xE2A;&#xE4C;, </subfield>
    <subfield code="c">2549.</subfield>
  </datafield>
  <datafield tag="300" ind1=" " ind2=" ">
    <subfield code="a">238 &#xE2B;&#xE19;&#xE49;&#xE32; :</subfield>
    <subfield code="b">&#xE20;&#xE32;&#xE1E;&#xE1B;&#xE23;&#xE30;&#xE01;&#xE2D;&#xE1A;, &#xE15;&#xE32;&#xE23;&#xE32;&#xE07; ;</subfield>
    <subfield code="c">21 &#xE0B;&#xE21;.</subfield>
  </datafield>
  <datafield tag="600" ind1="0" ind2="4">
    <subfield code="9">40332</subfield>
    <subfield code="a">&#xE17;&#xE31;&#xE01;&#xE29;&#xE34;&#xE13; &#xE0A;&#xE34;&#xE19;&#xE27;&#xE31;&#xE15;&#xE23;</subfield>
    <subfield code="x">&#xE02;&#xE48;&#xE32;&#xE27;</subfield>
  </datafield>
  <datafield tag="650" ind1=" " ind2="0">
    <subfield code="a">&#xE1B;&#xE23;&#xE30;&#xE0A;&#xE32;&#xE19;&#xE34;&#xE22;&#xE21;</subfield>
    <subfield code="9">28180</subfield>
  </datafield>
  <datafield tag="651" ind1=" " ind2="0">
    <subfield code="a">&#xE44;&#xE17;&#xE22;</subfield>
    <subfield code="x">&#xE01;&#xE32;&#xE23;&#xE40;&#xE21;&#xE37;&#xE2D;&#xE07;&#xE41;&#xE25;&#xE30;&#xE01;&#xE32;&#xE23;&#xE1B;&#xE01;&#xE04;&#xE23;&#xE2D;&#xE07; </subfield>
    <subfield code="x">&#xE23;&#xE27;&#xE21;&#xE40;&#xE23;&#xE37;&#xE48;&#xE2D;&#xE07;</subfield>
    <subfield code="9">3099</subfield>
  </datafield>
  <datafield tag="653" ind1=" " ind2="4">
    <subfield code="a">&#xE19;&#xE42;&#xE22;&#xE1A;&#xE32;&#xE22;&#xE23;&#xE31;&#xE10;&#xE1A;&#xE32;&#xE25; (&#xE1E;.&#xE15;.&#xE17;.&#xE17;&#xE31;&#xE01;&#xE29;&#xE34;&#xE13; &#xE0A;&#xE34;&#xE19;&#xE27;&#xE31;&#xE15;&#xE23;) -- &#xE27;&#xE34;&#xE08;&#xE32;&#xE23;&#xE13;&#xE4C;</subfield>
    <subfield code="a">&#xE1A;&#xE23;&#xE34;&#xE29;&#xE31;&#xE17; &#xE0A;&#xE34;&#xE19; &#xE04;&#xE2D;&#xE23;&#xE4C;&#xE1B;&#xE2D;&#xE40;&#xE23;&#xE0A;&#xE31;&#xE48;&#xE19;</subfield>
  </datafield>
  <datafield tag="850" ind1=" " ind2=" ">
    <subfield code="a">NALT</subfield>
  </datafield>
  <datafield tag="942" ind1=" " ind2=" ">
    <subfield code="c">GB</subfield>
    <subfield code="2">lcc</subfield>
  </datafield>
  <datafield tag="998" ind1=" " ind2=" ">
    <subfield code="j">104</subfield>
    <subfield code="k"> &#xE2A;&#xE32;&#xE22;&#xE1D;&#xE19; &#xE14;&#xE35;&#xE07;&#xE32;&#xE21;</subfield>
  </datafield>
  <datafield tag="952" ind1=" " ind2=" ">
    <subfield code="0">0</subfield>
    <subfield code="1">0</subfield>
    <subfield code="4">0</subfield>
    <subfield code="7">0</subfield>
    <subfield code="8">CGBL</subfield>
    <subfield code="a">NALT</subfield>
    <subfield code="b">NALT</subfield>
    <subfield code="g">165.00</subfield>
    <subfield code="l">0</subfield>
    <subfield code="o">JQ 1745.A5 &#xE08;426&#xE0A; 2549</subfield>
    <subfield code="p">3961166153</subfield>
    <subfield code="r">2017-06-09 00:00:00</subfield>
    <subfield code="t">&#xE09;. 2</subfield>
    <subfield code="v">215.00</subfield>
    <subfield code="w">2017-06-09</subfield>
    <subfield code="y">GB</subfield>
  </datafield>
  <datafield tag="952" ind1=" " ind2=" ">
    <subfield code="0">0</subfield>
    <subfield code="1">0</subfield>
    <subfield code="4">0</subfield>
    <subfield code="7">0</subfield>
    <subfield code="8">CGBL</subfield>
    <subfield code="a">NALT</subfield>
    <subfield code="b">NALT</subfield>
    <subfield code="g">165.00</subfield>
    <subfield code="l">0</subfield>
    <subfield code="o">JQ 1745.A5 &#xE08;426&#xE0A; 2549</subfield>
    <subfield code="p">3961166152</subfield>
    <subfield code="r">2017-06-09 00:00:00</subfield>
    <subfield code="t">&#xE09;. 1</subfield>
    <subfield code="v">215.00</subfield>
    <subfield code="w">2017-06-09</subfield>
    <subfield code="y">GB</subfield>
  </datafield>
</record>
